American history by Indian historians. (Record no. 70255)
[ view plain ]
| 000 -LEADER | |
|---|---|
| fixed length control field | 01134cam a22003011 4500 |
| 001 - CONTROL NUMBER | |
| control field | sa 66006025 |
| 003 - CONTROL NUMBER IDENTIFIER | |
| control field | DLC |
| 005 - DATE AND TIME OF LATEST TRANSACTION | |
| control field | 20260227112253.0 |
| 008 - FIXED-LENGTH DATA ELEMENTS--GENERAL INFORMATION | |
| fixed length control field | 831205m19641969ii b 100 0 eng |
| 010 ## - LIBRARY OF CONGRESS CONTROL NUMBER | |
| LC control number | sa 66006025 |
| 025 ## - OVERSEAS ACQUISITION NUMBER | |
| Overseas acquisition number | PL480: I-E-6097 |
| 035 ## - SYSTEM CONTROL NUMBER | |
| System control number | (OCoLC)10189012 |
| 040 ## - CATALOGING SOURCE | |
| Original cataloging agency | DLC |
| Transcribing agency | NRU |
| Modifying agency | DLC |
| 043 ## - GEOGRAPHIC AREA CODE | |
| Geographic area code | n-us--- |
| 050 00 - LIBRARY OF CONGRESS CALL NUMBER | |
| Classification number | E178.6 |
| Item number | .A4 |
| 100 1# - MAIN ENTRY--PERSONAL NAME | |
| Personal name | Dawes, Norman H. |
| 245 10 - TITLE STATEMENT | |
| Title | American history by Indian historians. |
| Statement of responsibility, etc. | Editor: Norman H. Dawes. |
| 260 ## - PUBLICATION, DISTRIBUTION, ETC. | |
| Place of publication, distribution, etc. | [Hyderabad, |
| Name of publisher, distributor, etc. | American Studies Research Centre, |
| Date of publication, distribution, etc. | 1964] |
| 300 ## - PHYSICAL DESCRIPTION | |
| Extent | 2 v. |
| Dimensions | 22 cm. |
| 500 ## - GENERAL NOTE | |
| General note | Vol. 1: Essays published on the occasion of the "inauguration of the American Studies Research Centre at Osmania University, Hyderabad, April 4, 1964." |
| 500 ## - GENERAL NOTE | |
| General note | Vol. 2: Papers read at the Indo-American History Congress, 1965." |
| 504 ## - BIBLIOGRAPHY, ETC. NOTE | |
| Bibliography, etc. note | Bibliographical footnotes. |
| 651 #0 - SUBJECT ADDED ENTRY--GEOGRAPHIC NAME | |
| Geographic name | United States |
| General subdivision | History. |
| 651 #0 - SUBJECT ADDED ENTRY--GEOGRAPHIC NAME | |
| Geographic name | United States |
| General subdivision | History |
| Form subdivision | Congresses. |
| 651 #0 - SUBJECT ADDED ENTRY--GEOGRAPHIC NAME | |
| Geographic name | United States |
| General subdivision | Foreign relations. |
| 651 #0 - SUBJECT ADDED ENTRY--GEOGRAPHIC NAME | |
| Geographic name | United States |
| General subdivision | Foreign relations |
| Form subdivision | Congresses. |
| 710 2# - ADDED ENTRY--CORPORATE NAME | |
| Corporate name or jurisdiction name as entry element | Osmania University. |
| Subordinate unit | American Studies Research Centre. |
No items available.